Организация и нормирование труда / ДО 2017: электронный курс
| Glavni autor: | |
|---|---|
| Autor kompanije: | |
| Sažetak: | Заглавие с экрана Основная цель дисциплины заключается в том, что студент приобретает компетенции, необходимые для принятия управленческих решений по наиболее эффективному использованию трудовых ресурсов предприятия. Дисциплина относится к вариативным дисциплинам междисциплинарного профессионального модуля ООП и читается в рамках профилей «Производственный менеджмент». Дисциплина непосредственно связана с базовой частью общепрофессионального раздела ООП. Пререквизитами для нее являются: «Организация производства на предприятиях». Постреквизитами - «Практикум по производственному менеджменту». Курс рассматривает основные темы, которые разделены на 5 разделов: курсовая работа, организация труда, нормирование труда, кадры предприятия, оплата труда Доступ по логину и паролю |
| Jezik: | ruski |
| Izdano: |
Томск, TPU Moodle, 2020
|
| Teme: | |
| Online pristup: | https://design.lms.tpu.ru/course/view.php?id=3536 |
| Format: | Elektronički Knjiga |
| KOHA link: | https://koha.lib.tpu.ru/cgi-bin/koha/opac-detail.pl?biblionumber=662100 |
MARC
| LEADER | 00000nlm0a2200000 4500 | ||
|---|---|---|---|
| 001 | 662100 | ||
| 005 | 20240209103817.0 | ||
| 035 | |a (RuTPU)RU\TPU\network\33234 | ||
| 035 | |a RU\TPU\network\17383 | ||
| 090 | |a 662100 | ||
| 100 | |a 20200518d2020 m y0rusy50 ca | ||
| 101 | 0 | |a rus | |
| 102 | |a RU | ||
| 105 | |a a j 000zy | ||
| 135 | |a jrcn ---uucaa | ||
| 181 | 0 | |a i | |
| 182 | 0 | |a b | |
| 200 | 1 | |a Организация и нормирование труда / ДО 2017 |e электронный курс |f Т. В. Громова |g Национальный исследовательский Томский политехнический университет, Школа инженерного предпринимательства | |
| 203 | |a Текст |c электронный | ||
| 210 | |a Томск |c TPU Moodle |d 2020 | ||
| 300 | |a Заглавие с экрана | ||
| 330 | |a Основная цель дисциплины заключается в том, что студент приобретает компетенции, необходимые для принятия управленческих решений по наиболее эффективному использованию трудовых ресурсов предприятия. Дисциплина относится к вариативным дисциплинам междисциплинарного профессионального модуля ООП и читается в рамках профилей «Производственный менеджмент». Дисциплина непосредственно связана с базовой частью общепрофессионального раздела ООП. Пререквизитами для нее являются: «Организация производства на предприятиях». Постреквизитами - «Практикум по производственному менеджменту». Курс рассматривает основные темы, которые разделены на 5 разделов: курсовая работа, организация труда, нормирование труда, кадры предприятия, оплата труда | ||
| 333 | |a Доступ по логину и паролю | ||
| 606 | 1 | |a Производственный менеджмент |2 stltpush |3 (RuTPU)RU\TPU\subj\68602 |9 83809 | |
| 610 | 1 | |a электронный ресурс | |
| 610 | 1 | |a труды учёных ТПУ | |
| 610 | 1 | |a электронное обучение | |
| 610 | 1 | |a электронные курсы ТПУ | |
| 610 | 1 | |a учебные пособия | |
| 610 | 1 | |a электронные учебные пособия | |
| 610 | 1 | |a дистанционное образование | |
| 610 | 1 | |a дистанционное обучение | |
| 610 | 1 | |a курсовые работы | |
| 610 | 1 | |a теоретическая часть | |
| 610 | 1 | |a планирование | |
| 610 | 1 | |a фонд оплаты труда | |
| 610 | 1 | |a нормирование труда | |
| 610 | 1 | |a трудовые процессы | |
| 610 | 1 | |a нормы времени | |
| 610 | 1 | |a производительность труда | |
| 610 | 1 | |a персонал | |
| 610 | 1 | |a оплата труда | |
| 686 | |a У9(2)29-2я73 |2 rubbk | ||
| 700 | 1 | |a Громова |b Т. В. |c экономист |c старший преподаватель Томского политехнического университета |f 1979- |g Татьяна Викторовна |3 (RuTPU)RU\TPU\pers\27974 |9 12964 | |
| 712 | 0 | 2 | |a Национальный исследовательский Томский политехнический университет |b Школа инженерного предпринимательства |c (2017- ) |3 (RuTPU)RU\TPU\col\23544 |
| 801 | 2 | |a RU |b 63413507 |c 20220708 |g RCR | |
| 856 | 4 | |u https://design.lms.tpu.ru/course/view.php?id=3536 | |
| 942 | |c CF | ||